[Event "Belarus-ch Men 2022"]
[Site "Minsk"]
[Date "2022.01.13"]
[Round "5.2"]
[White "Lutsko, Igor"]
[Black "Volianuk, Vitaly"]
[Result "0-1"]
[WhiteElo "2305"]
[BlackElo "2267"]
[Annotator "ChessBase"]
[PlyCount "100"]
[EventDate "2022.01.09"]
[EventType "tourn"]
[EventCountry "BLR"]
[SourceTitle "playchess.com"]
[Source "ChessBase"]
[SourceQuality "1"]
[TimeControl "40/5400+30:1800+30"]

1. d4 {[%emt 0:01:58]} g6 {[%emt 0:00:21]} 2. e4 {[%emt 0:00:53]} Bg7 {[%emt 0:00:09]} 3. Nf3 {[%emt 0:00:33]} d6 {[%emt 0:00:25]} 4. Bc4 {[%emt 0:00:58]} e6 {[%emt 0:03:58]} 5. Qe2 {[%emt 0:03:16]} a6 {[%emt 0:01:33]} 6. Bb3 {[%emt 0:04:04]} Ne7 {[%emt 0:04:53]} 7. c3 {[%emt 0:06:20]} b6 {[%emt 0:06:02]} 8. Bf4 {[%emt 0:08:47]} h6 {[%emt 0:03:11]} 9. Nbd2 {[%emt 0:04:17]} Bb7 {[%emt 0:04:17]} 10. h3 {[%emt 0:11:38]} Nd7 {[%emt 0:02:28]} 11. Bh2 {[%emt 0:06:16]} g5 {[%emt 0:14:01]} 12. O-O-O {[%emt 0:14:28]} Ng6 {[%emt 0:04:09]} 13. Ne1 {[%emt 0:06:41]} Qe7 {[%emt 0:02:05]} 14. Nd3 {[%emt 0:01:06]} O-O-O {[%emt 0:07:00]} 15. Rhe1 {[%emt 0:02:50]} h5 {[%emt 0:09:04]} 16. Qf1 {[%emt 0:03:08]} Bh6 {[%emt 0:03:29]} 17. Kb1 {[%emt 0:00:39]} Nf4 {[%emt 0:05:00]} 18. Nb4 {[%emt 0:01:20]} a5 {[%emt 0:01:25]} 19. Nc2 {[%emt 0:00:09]} Rdg8 {[%emt 0:01:36]} 20. g3 {[%emt 0:02:21]} Ng6 {[%emt 0:01:12]} 21. f3 {[%emt 0:02:11]} g4 {[%emt 0:05:41]} 22. fxg4 {[%emt 0:00:51]} hxg4 {[%emt 0:00:31]} 23. h4 {[%emt 0:00:13]} Nf6 {[%emt 0:01:23]} 24. Qd3 {[%emt 0:04:38]} Qd7 {[%emt 0:06:55]} 25. Ne3 {[%emt 0:01:48]} Bxe3 {[%emt 0:02:52]} 26. Qxe3 {[%emt 0:02:13]} d5 {[%emt 0:03:43]} 27. e5 {[%emt 0:02:08]} Nh5 {[%emt 0:00:39]} 28. Rf1 {[%emt 0:01:18]} Ba6 {[%emt 0:00:41]} 29. Bc2 {[%emt 0:03:27]} Bxf1 {[%emt 0:02:02]} 30. Rxf1 {[%emt 0:00:31]} Ne7 {[%emt 0:00:35]} 31. Rxf7 {[%emt 0:02:13]} Nf5 {[%emt 0:00:58]} 32. Rxf5 {[%emt 0:00:04]} exf5 {[%emt 0:00:07]} 33. e6 {[%emt 0:00:06]} Qe7 {[%emt 0:01:11]} 34. Bxf5 {[%emt 0:00:16]} Nf6 {[%emt 0:00:43]} 35. c4 {[%emt 0:02:54]} Rh5 {[%emt 0:00:53]} 36. Qd3 {[%emt 0:00:39]} Rd8 {[%emt 0:01:48]} 37. c5 {[%emt 0:00:25]} Kb7 {[%emt 0:00:51]} 38. Nb3 {[%emt 0:00:15]} Qe8 {[%emt 0:00:36]} 39. Bg6 {[%emt 0:01:02]} Qxe6 {[%emt 0:00:37]} 40. Qb5 {[%emt 0:00:00]} Qe1+ {[%emt 0:00:00]} 41. Nc1 {[%emt 0:11:19]} Qb4 {[%emt 0:05:31]} 42. c6+ {[%emt 0:04:32]} Ka7 {[%emt 0:00:20]} 43. Qf1 {[%emt 0:00:19]} Rd6 {[%emt 0:04:15]} 44. Nd3 {[%emt 0:03:18]} Qb5 {[%emt 0:05:04]} 45. Qd1 {[%emt 0:02:37]} Ne4 {[%emt 0:01:03]} 46. Bxe4 {[%emt 0:01:26]} dxe4 {[%emt 0:00:13]} 47. Nf4 {[%emt 0:00:19]} Rf5 {[%emt 0:02:00]} 48. Bg1 {[%emt 0:00:49]} Rxf4 {[%emt 0:03:40]} 49. gxf4 {[%emt 0:00:05]} Rxc6 {[%emt 0:00:31]} 50. a4 {[%emt 0:01:18]} Qd3+ {[%emt 0:01:43]} 0-1

[Event "Belarus-ch Men 2022"]
[Site "Minsk"]
[Date "2022.01.13"]
[Round "5.3"]
[White "Siniauski, Artsiom"]
[Black "Stribuk, Artiom"]
[Result "1/2-1/2"]
[WhiteElo "2301"]
[BlackElo "2210"]
[Annotator "ChessBase"]
[PlyCount "94"]
[EventDate "2022.01.09"]
[EventType "tourn"]
[EventCountry "BLR"]
[SourceTitle "playchess.com"]
[Source "ChessBase"]
[SourceQuality "1"]
[TimeControl "40/5400+30:1800+30"]

1. e4 {[%emt 0:00:03]} c5 {[%emt 0:00:05]} 2. Nf3 {[%emt 0:00:10]} Nc6 {[%emt 0:00:06]} 3. Bb5 {[%emt 0:00:18]} e6 {[%emt 0:00:07]} 4. O-O {[%emt 0:00:26]} Nge7 {[%emt 0:00:08]} 5. Re1 {[%emt 0:00:16]} a6 {[%emt 0:00:26]} 6. Bf1 {[%emt 0:00:17]} b6 {[%emt 0:00:41]} 7. d4 {[%emt 0:06:21]} cxd4 {[%emt 0:00:43]} 8. Nxd4 {[%emt 0:00:16]} Qc7 {[%emt 0:00:46]} 9. Be3 {[%emt 0:11:59]} Ng6 {[%emt 0:16:32]} 10. c4 {[%emt 0:04:44]} Bd6 {[%emt 0:00:22]} 11. g3 {[%emt 0:01:03]} Nxd4 {[%emt 0:12:56]} 12. Bxd4 {[%emt 0:15:30]} Be5 {[%emt 0:01:18]} 13. Nc3 {[%emt 0:01:44]} d6 {[%emt 0:17:19]} 14. Rc1 {[%emt 0:02:52]} O-O {[%emt 0:01:22]} 15. Be3 {[%emt 0:03:54]} Bb7 {[%emt 0:02:56]} 16. Bg2 {[%emt 0:03:27]} Qxc4 {[%emt 0:10:21]} 17. Na4 {[%emt 0:02:19]} Qb5 {[%emt 0:00:51]} 18. f4 {[%emt 0:01:14]} Bf6 {[%emt 0:05:33]} 19. Nxb6 {[%emt 0:03:07]} Rab8 {[%emt 0:01:33]} 20. a4 {[%emt 0:01:34]} Qb4 {[%emt 0:07:38]} 21. Nd7 {[%emt 0:01:36]} Bxe4 {[%emt 0:04:05]} 22. Bxe4 {[%emt 0:01:00]} Qxe4 {[%emt 0:00:41]} 23. Nxb8 {[%emt 0:00:23]} Rxb8 {[%emt 0:02:39]} 24. Ba7 {[%emt 0:00:43]} Qb7 {[%emt 0:00:12]} 25. Bxb8 {[%emt 0:00:08]} Qxb8 {[%emt 0:00:03]} 26. b3 {[%emt 0:03:27]} Ne7 {[%emt 0:02:07]} 27. Qd3 {[%emt 0:04:30]} Qb6+ {[%emt 0:01:19]} 28. Kg2 {[%emt 0:00:14]} g6 {[%emt 0:00:17]} 29. h4 {[%emt 0:17:11]} h5 {[%emt 0:01:31]} 30. Kh3 {[%emt 0:00:46]} Kg7 {[%emt 0:00:33]} 31. Rc2 {[%emt 0:00:37]} Nd5 {[%emt 0:01:29]} 32. Qf3 {[%emt 0:00:44]} a5 {[%emt 0:02:33]} 33. Rec1 {[%emt 0:00:42]} Qb4 {[%emt 0:01:23]} 34. Rd1 {[%emt 0:02:32]} Ne7 {[%emt 0:01:37]} 35. Rc7 {[%emt 0:00:34]} d5 {[%emt 0:00:25]} 36. Qd3 {[%emt 0:00:35]} Qb6 {[%emt 0:02:32]} 37. Rdc1 {[%emt 0:00:13]} Nf5 {[%emt 0:00:35]} 38. R7c5 {[%emt 0:03:41]} Qb4 {[%emt 0:01:28]} 39. Rb5 {[%emt 0:00:46]} Qa3 {[%emt 0:00:09]} 40. Rf1 {[%emt 0:00:00]} Qb2 {[%emt 0:00:00]} 41. Rc5 {[%emt 0:06:43]} d4 {[%emt 0:12:51]} 42. Rb1 {[%emt 0:05:39]} Qa2 {[%emt 0:05:48]} 43. Qc2 {[%emt 0:00:58]} Qa3 {[%emt 0:00:05]} 44. Rxa5 {[%emt 0:02:08]} Ne3 {[%emt 0:00:05]} 45. Qd2 {[%emt 0:00:10]} Qd6 {[%emt 0:01:37]} 46. Re1 {[%emt 0:06:57]} Qc6 {[%emt 0:10:16]} 47. Rg5 {[%emt 0:01:09]} Qf3 {[%emt 0:01:12]} 1/2-1/2

[Event "Belarus-ch Men 2022"]
[Site "Minsk"]
[Date "2022.01.13"]
[Round "5.4"]
[White "Fedorov, Alexei"]
[Black "Aleksandrov, Aleksej"]
[Result "1/2-1/2"]
[WhiteElo "2552"]
[BlackElo "2502"]
[Annotator "TA"]
[PlyCount "62"]
[EventDate "2022.01.09"]
[EventType "tourn"]
[EventCountry "BLR"]
[SourceTitle "playchess.com"]
[Source "ChessBase"]
[SourceQuality "1"]

{[%evp 18,62,20,20,25,19,27,24,17,-9,-17,-14,-9,-8,-9,-11,-14,-10,-3,-4,-11,-8,0,0,0,0,0,0,0,0,0,0,0,0,0,0,0,0,0,0,0,0,0,0,0,0,0]} 1. e4 e5 2. Nf3 Nc6 3. Bb5 Nf6 4. O-O {[%cal Bh1f1,Bf1e1,Be1e5][%mdl 32]} Nxe4 5. Re1 Nd6 6. Nxe5 Be7 {[%cal Bf8e7,Be7f6,Bf6d4][%mdl 32]} 7. Bf1 Nxe5 8. Rxe5 O-O 9. d4 Bf6 10. Re1 Re8 {C67: Ruy Lopez: Berlin Defence: 4 0-0 Nxe4.} 11. Bf4 Rxe1 12. Qxe1 Ne8 {White has an edge.} 13. Nc3 {The position is equal.} Bxd4 14. Nd5 {[#] Threatens to win with Qe4.} d6 15. Bg5 f6 16. Bh4 {Black must now prevent Qe4.} g5 17. Qe4 Bxb2 18. Re1 Be5 $1 {And now ...Be6 would win.} (18... gxh4 $2 19. Bd3 f5 20. Qxe8+ Qxe8 21. Rxe8+ Kf7 22. Nxc7 $18) 19. f4 gxh4 20. fxe5 dxe5 {Hoping for ...c6.} 21. Bd3 {[%cal Bf1d3,Bd3h7,Bh7e4][%mdl 32] [#]} Kf8 $146 (21... Qd7 $2 22. Qxh4 Qf7 {[#]} 23. Rf1 $1 $18) ({Predecessor:} 21... Bf5 22. Qxf5 Qxd5 23. Qxh7+ Kf8 24. Qh6+ Ke7 25. Qh7+ Kf8 26. Kh1 Rd8 27. Qh6+ Ke7 {1-0 (52) Guseinov,G (2660)-Georgiadis,N (2528) Batumi 2019}) 22. Ne3 $1 Qe7 23. Qxh4 Be6 24. Bxh7 Rd8 25. Rf1 Rd4 26. Be4 $1 Qa3 27. Rxf6+ Nxf6 28. Qxf6+ Bf7 29. Qh8+ $1 Bg8 30. Qf6+ Bf7 31. Qh8+ $1 Bg8 {An even fight not without its subleties.  Weighted Error Value: White=0.01 (flawless) /Black=0.01 (flawless)} 1/2-1/2

[Event "Belarus-ch Men 2022"]
[Site "Minsk"]
[Date "2022.01.13"]
[Round "5.5"]
[White "Lazavik, Denis"]
[Black "Zarubitski, Viachaslau"]
[Result "0-1"]
[WhiteElo "2465"]
[BlackElo "2413"]
[Annotator "TA"]
[PlyCount "100"]
[EventDate "2022.01.09"]
[EventType "tourn"]
[EventCountry "BLR"]
[SourceTitle "playchess.com"]
[Source "ChessBase"]
[SourceQuality "1"]

{[%evp 10,100,49,31,47,27,38,31,32,27,39,33,23,35,25,19,42,28,41,34,31,45,39,37,43,39,41,59,46,44,75,44,52,0,0,0,14,44,91,63,47,-44,-90,-181,-170,-181,-189,-466,-441,-1007,-998,-2072,-2031,-5609,-3219,-2834,-925,-895,-776,-740,-169,-727,-703,-791,-770,-1062,-993,-1315,-1072,-1678,-1699,-1181,-1138,-12802,-7642,-6343,-5707,-3306,-2722,-12829,-10099,-4549,-3150,-1291,-1292,-6103,-4538,-1195,-923,-731,-716,-1028,-836]} 1. d4 Nf6 2. c4 g6 3. Nc3 Bg7 4. e4 d6 5. h3 O-O 6. Be3 Nc6 {E71: King's Indian: 4 e4 d6 5 h3.} 7. Nge2 e5 8. d5 Nd4 $1 {[%mdl 4] White is slightly better. is currently scoring better than 8...Ne7.} 9. Qd2 c5 10. dxc6 $1 Nxc6 11. g4 Be6 {[#]} 12. b3 $146 ({Predecessor:} 12. g5 Nh5 13. Nd5 Rc8 14. Nec3 Nd4 15. O-O-O Bxd5 16. Nxd5 b5 17. Bxd4 exd4 18. b3 {0-1 (37) Goettelmann,G (2058)-Vedmediuc,S (2460) Avoine 2013}) 12... a6 {[%cal Ob7b5]} 13. Bg2 b5 14. cxb5 axb5 {[%cal Oe6b3]} 15. O-O b4 16. Na4 Ra6 17. Rac1 Qa8 18. f4 Rb8 19. f5 Bd7 20. Ng3 {Hoping for g5.} (20. Qxd6 $2 Nd4 21. Qxa6 Qxa6 $19) 20... Nd8 $1 21. Bh6 (21. Rf2 $14) 21... Qa7+ $11 22. Kh1 Bxh6 23. Qxh6 Bxa4 (23... Ne8 $1 $14) 24. bxa4 {aiming for fxg6.} Ne8 $1 25. Rf3 (25. h4 $14 Qe7 26. Bf3) 25... Rxa4 $15 26. Bf1 {Black keeps a firm grip on the game.} (26. h4 $17 Ra3 27. fxg6 hxg6 28. h5 Rxf3 29. Bxf3) 26... Ra3 $19 (26... Rxa2 27. fxg6 hxg6 28. Bc4 $18) 27. Bd3 {[#]} (27. Rxa3 $2 Qxa3 28. Ne2 Qxa2 $19) 27... b3 $1 $36 {[%cal Bb4b3,Bb3b2][%mdl 2080] Black is on the roll.} ({Resist} 27... Rxa2 28. fxg6 hxg6 29. Bc4 $18) 28. fxg6 $2 (28. axb3 {was the only defense.} Rbxb3 29. Qg5 (29. Rc8 $2 Qd7 $19) 29... Rxd3 30. Qxd8) 28... hxg6 29. Bc4 (29. axb3 $142 Rbxb3 30. Qd2 (30. Rc8 $2 Rxd3 31. Rxd8 Qe7 $19)) 29... b2 30. Qxg6+ Ng7 31. Rb1 Rxf3 32. Nf5 {[#]} Rxf5 $1 33. gxf5 Qe3 34. f6 Qxh3+ 35. Kg1 {[%csl Gf6][%cal Rg6g7] [#]} Qh7 {Black is clearly winning.} 36. Qxh7+ (36. Qg4 Rb4) 36... Kxh7 37. fxg7 {[%mdl 4096] Endgame KRB-KRN} Rc8 38. Bd3 Rc3 39. Bf1 Rc2 {...Ne6 is the strong threat.} 40. Bd3 Rd2 41. Bb5 Kxg7 42. Kf1 Nb7 43. Ke1 Rh2 {Strongly threatening ...Nc5.} 44. a4 Na5 45. Be2 Rh1+ 46. Bf1 Nc4 {[%cal Oh1f1] ( -> ...Rxf1+!)} 47. Kf2 Nd2 48. Rxb2 Nxf1 49. Re2 Nh2 50. Kg3 {[#]} Ra1 $1 {Weighted Error Value: White=1.04/Black=0.38} 0-1

[Event "Belarus-ch Men 2022"]
[Site "Minsk"]
[Date "2022.01.13"]
[Round "5.6"]
[White "Runets, Ivan"]
[Black "Stupak, Kirill"]
[Result "0-1"]
[WhiteElo "2240"]
[BlackElo "2478"]
[Annotator "TA"]
[PlyCount "66"]
[EventDate "2022.01.09"]
[EventType "tourn"]
[EventCountry "BLR"]
[SourceTitle "playchess.com"]
[Source "ChessBase"]
[SourceQuality "1"]

{[%evp 9,66,0,0,3,16,10,18,21,41,31,34,43,38,29,51,47,51,48,49,18,16,16,23,23,23,23,23,23,23,23,23,23,23,23,23,16,9,9,16,9,9,9,9,9,9,0,0,0,0,0,0,-29,-35,-24,-18,-324,-328,-534,-502]} 1. d4 Nf6 2. Bg5 d5 3. e3 c5 4. c3 Nc6 5. Nd2 cxd4 6. exd4 {D00: 1 d4 d5: Unusual lines.} Bf5 {Prevents Bd3.} 7. Ngf3 e6 8. Nh4 {The position is equal.} Bg6 9. Nxg6 hxg6 10. Bd3 {[#]} Qc7 $146 ({Predecessor:} 10... Be7 11. g3 Nd7 12. Be3 Bg5 13. Qe2 Bxe3 14. Qxe3 Qa5 15. a4 Qb6 16. b4 Qc7 {1-0 (43) Rapport,R (2747)-Karjakin,S (2750) Saint Louis 2019}) 11. g3 Be7 12. Bf4 Bd6 13. Bxd6 Qxd6 14. f4 {To avoid e5} Ne7 15. Qe2 Nf5 {[%cal Of5g3] [#] Hoping for ...Nxg3!} 16. O-O-O Qc7 17. Kb1 O-O-O 18. Qf3 Kb8 19. g4 Nd6 20. h4 Qd7 21. Rh3 a6 22. Rdh1 Qc6 23. Qg2 Rc8 24. Re1 Ka7 25. Nf3 Qb6 {Strongly threatening ...Rxc3.} 26. Ka1 Nfe4 27. Bxe4 Nxe4 ({Don't take} 27... dxe4 28. Ng5 $14) 28. Ng5 Nd6 29. Reh1 Rc7 30. h5 gxh5 31. Rxh5 Rxh5 32. Rxh5 {[%mdl 8192]} (32. gxh5 $11 {and White is okay.} Nf5 33. Nf3) 32... Qxd4 $1 $19 {[%cal Rd4d1]} 33. Qf1 {[#] Inhibits Qd1+.} (33. Rh1 Qxf4 34. Nh3) 33... Rxc3 $1 {[%mdl 512] Weighted Error Value: White=0.30/Black=0.03 (flawless)} 0-1

[Event "Belarus-ch Men 2022"]
[Site "Minsk"]
[Date "2022.01.14"]
[Round "6.1"]
[White "Tsaruk, Maksim"]
[Black "Stupak, Kirill"]
[Result "0-1"]
[WhiteElo "2343"]
[BlackElo "2478"]
[Annotator "TA"]
[PlyCount "58"]
[EventDate "2022.01.09"]
[EventType "tourn"]
[EventCountry "BLR"]
[SourceTitle "playchess.com"]
[Source "ChessBase"]
[SourceQuality "1"]

{[%evp 14,58,18,10,18,10,24,12,5,0,3,0,0,0,18,-122,-120,-125,-124,-117,-127,-141,-129,-349,-348,-355,-334,-338,-332,-337,-323,-554,-555,-554,-542,-539,-526,-622,-604,-29945,-29952,-5812,-5912,-2715,-2631,-2631,-1614]} 1. e4 d6 2. d4 Nf6 3. Nc3 g6 4. g3 Bg7 5. Bg2 O-O 6. Nge2 e5 7. O-O exd4 8. Nxd4 Nc6 {B07: Pirc Defence: Miscellaneous Systems.} 9. Nxc6 bxc6 10. e5 dxe5 {The position is equal.} 11. Bxc6 Rb8 12. Qxd8 Rxd8 13. b3 {[#]} Rd6 $146 (13... e4 $5) ({Predecessor:} 13... Bf5 14. Be3 Bxc2 15. Bxa7 Rbc8 16. Bb7 Ra8 17. Bxa8 Rxa8 18. Bc5 Nd7 19. Be3 e4 {½-½ (47) Pech,V-Czerwonski,A (2374) Dos Hermanas 2003}) 14. Bf3 (14. Bg2 $11 {keeps the balance.}) 14... e4 $1 $17 15. Bg2 Ng4 16. Bb2 e3 {Black is much more active. White has bad knights.} 17. fxe3 Nxe3 18. Rf4 $2 {[#]} (18. Rfe1 $17 {might work better.} Bd4 19. Nd1 Nxg2+ 20. Kxg2) 18... Nxg2 $19 ({Worse is} 18... Nxc2 19. Rb1 $17) 19. Kxg2 Rd2+ 20. Rf2 Bb7+ 21. Kf1 Rbd8 22. Re1 $2 (22. Na4 Rxf2+ 23. Kxf2 Rd2+ 24. Ke1 Rxh2 25. Bxg7 Kxg7 26. Rd1) 22... Ba6+ {This bishop pair is nice.} 23. Kg2 {[%cal Oe1e8] [#]} Rxf2+ $1 24. Kxf2 Rd2+ 25. Kf3 {Re8+ is the strong threat.} Bb7+ 26. Kf4 {aiming for Re8+.} Bh6+ 27. Kg4 f5+ {Black is clearly winning.} 28. Kh3 Bg2+ 29. Kh4 Bf3 {White did not feel at home in the position after the opening.  Weighted Error Value: White=0.80/Black=0.02 (flawless)} 0-1

[Event "Belarus-ch Men 2022"]
[Site "Minsk"]
[Date "2022.01.14"]
[Round "6.2"]
[White "Zarubitski, Viachaslau"]
[Black "Runets, Ivan"]
[Result "1-0"]
[WhiteElo "2413"]
[BlackElo "2240"]
[Annotator "TA"]
[PlyCount "83"]
[EventDate "2022.01.09"]
[EventType "tourn"]
[EventCountry "BLR"]
[SourceTitle "playchess.com"]
[Source "ChessBase"]
[SourceQuality "1"]

{[%evp 13,83,22,19,21,18,8,25,21,19,20,25,20,20,12,49,43,73,62,69,77,77,63,72,15,132,131,116,123,128,143,94,99,423,411,610,166,164,161,160,172,232,205,184,156,555,476,543,542,478,475,601,591,536,538,918,882,29989,29989,29988,5410,29989,29990,29992,29987,29987,0,29992,29993,29993,29987,29987,29988]} 1. e4 e5 2. Nf3 Nc6 3. Bc4 Nf6 4. d3 Bc5 5. c3 d6 6. O-O Bb6 7. Bb3 h6 8. Nbd2 {[%cal Bb1d2,Bd2f1,Bf1g3][%mdl 32] C54: Giuoco Piano: 4 c3 Nf6, main lines with 5 d4 and 5 d3.} O-O 9. h3 a6 10. Re1 {White has an edge.} Be6 11. Bc2 Ne7 12. Nf1 Ng6 13. Ng3 Qc8 {[%cal Oe6h3] [#]} 14. a4 $146 {[%cal Ba2a4,Ba4a5][%mdl 32]} ({Predecessor:} 14. d4 Re8 15. Nf5 Bxf5 16. exf5 Nf8 17. dxe5 dxe5 18. Nxe5 N8d7 19. Bf4 c6 20. Nxf7 {1-0 (27) Holtman,T (1792)-Macejko,M (1720) Slovakia 2013}) 14... Re8 {[%cal Oe6h3]} 15. a5 Ba7 {[%cal Oe6h3]} 16. d4 $1 c6 17. b3 Bb8 18. c4 ({White should try} 18. Bd2 $16) 18... Nf4 (18... exd4 $11 19. Qxd4 (19. Nxd4 d5 $14) 19... Bxh3) 19. Bxf4 $16 exf4 20. Ne2 g5 {[%cal Oe6h3]} 21. e5 dxe5 (21... Nd7 $142) 22. dxe5 Rd8 $2 {[%mdl 8192]} 23. Ned4 $18 Nh7 (23... Nd7 $142 24. Nxg5 (24. Qd3 Nf8 $16) 24... hxg5) 24. Qb1 $2 (24. Bxh7+ Kxh7 {[#]} 25. Nxg5+ $1 {[%mdl 512]} hxg5 26. Qh5+ Kg8 27. Qxg5+ Kh8 28. Re4) 24... Nf8 25. Nf5 $36 {[%mdl 2048] White has strong initiative.} Bxf5 26. Bxf5 Ne6 (26... Qc7 $142 27. h4 Qe7 28. hxg5 hxg5) 27. h4 gxh4 28. Qe4 Qd7 $2 (28... Bc7 $16 {is tougher.} 29. Nxh4 Qd7) 29. Rad1 Qxd1 30. Rxd1 Rxd1+ 31. Kh2 {[#] Threatens to win with Bxe6.} Ng5 32. Nxg5 hxg5 33. Bg4 Rd8 34. Qf5 Ba7 35. Qxg5+ Kf8 36. Qf6 (36. Qh6+ $142 Ke8 37. Qh8+ Ke7 38. Qf6+ Ke8 39. e6 fxe6 40. Qxe6+ Kf8 41. Bh5) 36... Kg8 37. e6 fxe6 38. Qg6+ Kf8 39. Qf6+ Kg8 40. Bxe6+ {White mates.} Kh7 41. Bf7 Rg8 42. Qf5+ {Weighted Error Value: White=0.41/Black=0.98} 1-0

[Event "Belarus-ch Men 2022"]
[Site "Minsk"]
[Date "2022.01.14"]
[Round "6.3"]
[White "Aleksandrov, Aleksej"]
[Black "Lazavik, Denis"]
[Result "0-1"]
[WhiteElo "2502"]
[BlackElo "2465"]
[Annotator "TA"]
[PlyCount "84"]
[EventDate "2022.01.09"]
[EventType "tourn"]
[EventCountry "BLR"]
[SourceTitle "playchess.com"]
[Source "ChessBase"]
[SourceQuality "1"]

{[%evp 11,84,0,2,-24,-18,-18,-15,-26,-16,-15,-8,-18,0,-36,-28,-25,-25,-2,12,0,0,-4,-18,-15,34,28,25,18,31,0,50,37,40,24,31,35,30,27,41,-6,-10,-114,0,-20,0,-136,-145,-141,-118,-104,-110,-452,-442,-460,-470,-460,-452,-541,-559,-516,-500,-1021,-1001,-1348,-1339,-1100,-842,-2025,-1882,-1846,-1339,-1117,-1050,-29982,-12843]} 1. c4 Nf6 2. Nc3 e5 3. g3 Bb4 4. Bg2 O-O 5. e4 Bxc3 6. bxc3 c6 7. d4 {A22: English Opening: 1...e5 2 Nc3 Nf6.} d6 8. Ne2 {[#]} Be6 $146 ({Predecessor:} 8... Re8 9. f3 b6 10. g4 Ba6 11. Ng3 Bxc4 12. g5 Nfd7 13. Nf5 Qc7 14. dxe5 Nxe5 15. Qxd6 {1-0 (41) Mamedov,N (2624)-Inarkiev,E (2666) Kocaeli 2014}) 9. d5 {The position is equal.} cxd5 10. cxd5 Bd7 11. O-O Na6 12. Be3 Ng4 13. Bd2 Rc8 14. Qb1 b6 15. h3 Nf6 16. f4 Qe8 17. fxe5 dxe5 {[#]} (17... Qxe5 $11 18. Bf4 Qe7) 18. Rxf6 $1 gxf6 19. g4 Kh8 20. Ng3 Nc5 (20... Qe7 $11) 21. Qf1 Qe7 22. Nh5 Rg8 23. Nxf6 Rg6 24. g5 {[%mdl 1024] White has compensation.} Kg7 {[%cal Rg6f6]} 25. Qe2 (25. Nh5+ $14 {is superior.} Kh8 26. h4 (26. Nf6 Nb7 $14)) 25... h6 $1 $36 {[%mdl 2048] Black has the initiative.} 26. Qh5 {[#]} ({Reject} 26. gxh6+ Kh8 27. Nxd7 (27. Ng4 $2 Rcg8 $19) 27... Nxd7 $17) (26. h4 $11 hxg5 27. hxg5) 26... Bb5 (26... Nd3 $1 $17 {Threatens to win with ...hxg5.} 27. Nxd7 Qxd7) 27. h4 {[%cal Oc3c4]} (27. c4 $5 Bxc4 28. Ng4 $11) 27... Nd7 28. Nxd7 (28. a4 $11 {keeps the balance.} Qc5+ 29. Kh1) 28... Bxd7 $17 29. Rf1 f6 30. gxf6+ Rxf6 {Chess con chili.} 31. Rf3 $2 {[%mdl 8192] [#] White does not recover from this.} (31. Rxf6 $17 Qxf6 32. Kh2) 31... Rg6 $1 $19 {White must now prevent ...Bg4.} 32. Rf5 Bxf5 33. exf5 Rf6 ({Not} 33... Qc5+ $2 34. Kh1 Rf6 35. Qg4+ Kh7 36. Be1 $19) 34. Kh2 Rc4 {Prevents Qg4+.} 35. Be1 Rf4 36. d6 (36. Qd1 $142 R6xf5 37. d6) 36... Qxd6 37. Bg3 R6xf5 38. Qe2 Qf6 39. Qd1 Rxh4+ 40. Kg1 {[#]} Rhf4 $1 {aiming for ...Rc4.} 41. Qd7+ Qf7 42. Qb5 Rg5 {Weighted Error Value: White=0.79/Black=0.25 (precise)} 0-1

[Event "Belarus-ch Men 2022"]
[Site "Minsk"]
[Date "2022.01.14"]
[Round "6.4"]
[White "Stribuk, Artiom"]
[Black "Fedorov, Alexei"]
[Result "0-1"]
[WhiteElo "2210"]
[BlackElo "2552"]
[Annotator "TA"]
[PlyCount "62"]
[EventDate "2022.01.09"]
[EventType "tourn"]
[EventCountry "BLR"]
[SourceTitle "playchess.com"]
[Source "ChessBase"]
[SourceQuality "1"]

{[%evp 9,62,8,8,6,11,0,52,0,0,0,0,0,0,0,35,35,42,-66,0,-97,6,-62,7,-41,0,0,9,-68,-26,-34,-32,-102,-101,-124,-119,-187,-160,-159,-157,-380,-291,-477,-487,-466,-457,-475,-470,-553,-545,-1655,-1631,-29988,-29989,-29989,-29990]} 1. d4 d6 2. c4 e5 3. Nc3 exd4 4. Qxd4 Nc6 5. Qd2 Nf6 6. Nf3 {A21: English Opening: 1...e5 2 Nc3.} Be6 7. e4 Ne5 (7... g6 $11) 8. b3 (8. Ng5 $14) 8... Nxf3+ $11 9. gxf3 g6 $1 10. Bb2 Bg7 {[#]} 11. f4 $146 ({Predecessor:} 11. h4 O-O 12. O-O-O Nh5 13. Be2 Qf6 14. Kb1 Rad8 15. Nb5 Qxb2+ 16. Qxb2 Bxb2 17. Kxb2 {0-1 (55) Vakhidov,J (2401)-Alavi Moghaddam,S (2445) Europe Echecs INT 2020}) 11... O-O 12. f5 Bd7 (12... gxf5 13. Rg1 Ng4 14. Nb5 $16) 13. Rg1 ({Better is} 13. O-O-O $14) 13... a5 (13... Qe8 $15 14. f3 Bxf5) 14. a3 (14. O-O-O $11) 14... Bc6 (14... Qe7 $17 15. Qe2 Rae8) 15. Bd3 (15. f3 $11) 15... Re8 (15... Nd7 $1 $15 16. O-O-O Qh4) 16. fxg6 (16. f3 $11) 16... fxg6 (16... hxg6 $15 17. f3 Nd7) 17. O-O-O $1 Nd7 (17... Nxe4 18. Nxe4 Bxb2+ 19. Kxb2 $16) 18. Kb1 (18. f4 $1 $11) 18... Nc5 (18... Qf6 $1 $15) 19. Bc2 $1 Qf6 {[%cal Rc5e4]} 20. Rde1 {[#]} (20. Rge1 $15) 20... Rf8 $1 $17 21. e5 Qxf2 22. Qg5 (22. Qxf2 $17 {was worth a try.} Rxf2 23. exd6) 22... Ne6 {[%cal Bc5e6,Be6d4,Bd4f3][%mdl 32]} (22... Bxe5 23. Bxg6 Ne6 24. Bxh7+ (24. Qe7 hxg6 25. Qxe6+ Kh8 $11) 24... Kh8 25. Qh6 Qxh2 26. Qxh2 Bxh2 27. Nd5+ Kxh7 28. Rg2 Bxd5 29. cxd5 $18) (22... Qxh2 23. exd6 cxd6 24. Nd5 Qxc2+ 25. Kxc2 $11) 23. Qg4 Nd4 $36 {[%mdl 2048] Keeping White busy. Black is more active.} 24. Bd1 {This costs White the game.} (24. Bxg6 $17 {was the only defense.} hxg6 25. Qxg6 Qf5+ 26. Qxf5 Nxf5 27. exd6) 24... Bf3 {The board is on fire.} 25. Bxf3 (25. Qg3 Qxg3 26. hxg3) 25... Qc2+ $19 ({Not} 25... Nxf3 $2 26. Ne4 Qxh2 27. Rg2 $19) ({Avoid the trap} 25... Rxf3 $2 26. Qg2 $19) 26. Ka1 Nxf3 (26... Nxb3+ $2 27. Ka2 Nc5 28. Bd1 $18) 27. Rg2 Qxb3 ({Stronger than} 27... Nxe1 28. Rxc2 Nxc2+ 29. Kb1 $15) 28. Qe6+ Kh8 29. Re3 Nd4 {[#] ( -> ...Rf1+)} 30. Qh3 Rf1+ 31. Nb1 Qd1 {Weighted Error Value: White=0.78/Black=0.22 (precise)} 0-1